Poznať svojho klienta je základ úspechu
Správanie sa investorov je determinované povahovými vlastnosťami. Využívanie techník finančnými poradcami, ktoré mapujú psychologické odlišnosti medzi ľuďmi. Charakkteristika Myers-Briggsovej indikátora (MBTI) ako najpopulárnejšieho nástroja na popis osobností vo svete.
Salvato in:
| Autore principale: | |
|---|---|
| Natura: | Capitolo di libro |
| Lingua: | slovacco |
| Soggetti: | |
| Tags: |
Nessun Tag, puoi essere il primo ad aggiungerne!!
|
MARC
| LEADER | 00000naa$a2200000$$$4500 | ||
|---|---|---|---|
| 001 | 0072527 | ||
| 005 | 20231019090040.7 | ||
| 041 | 0 | |a slo | |
| 044 | |a SK | ||
| 245 | 1 | 0 | |a Poznať svojho klienta je základ úspechu |c Vladimír Baláž |
| 520 | |a Správanie sa investorov je determinované povahovými vlastnosťami. Využívanie techník finančnými poradcami, ktoré mapujú psychologické odlišnosti medzi ľuďmi. Charakkteristika Myers-Briggsovej indikátora (MBTI) ako najpopulárnejšieho nástroja na popis osobností vo svete. | ||
| 610 | 2 | 0 | |a klienti |
| 610 | 2 | 0 | |a investori |
| 610 | 2 | 0 | |a správanie |
| 610 | 2 | 0 | |a dotazníky |
| 100 | 1 | |a Baláž, Vladimír | |